| 000 | 00595nam a2200193 u 4500 | ||
|---|---|---|---|
| 005 | 20210223130459.0 | ||
| 008 | 080609s2007 r 000 0 eng d | ||
| 020 | _a1404271546 | ||
| 035 | _aUPN01000156659 | ||
| 049 | _aI | ||
| 050 | 4 |
_aQB801.7 _bM6.5 |
|
| 100 | 1 | _aMoore, Sharon | |
| 245 | 1 | 4 |
_aUna noche con las estrellas / _cSharon Moore ; tr. José María Obregón. |
| 260 |
_aE.U.A. : _bRosen Classroom Books & Materials, _cc2007. |
||
| 300 |
_a16 p. : _bil. col. |
||
| 440 | 0 |
_aLecturas del barrio. _pNarrativa |
|
| 650 | 4 |
_aESTRELLAS - _vLITERATURA JUVENIL _917895 |
|
| 905 | _aInfantil | ||
| 999 |
_c128773 _d128773 |
||